Statistics for 'Niagara Falls' Lyrics - Metro Boomin (with Travis Scott & 21 Savage)

Click here to take the quiz!

General Stats

  • This quiz has been taken 12 times
  • The average score is 296 of 499

Answer Stats

-ArtistAnswer% Correct
a
100%
around
100%
the
100%
did
100%
Travis ScottI
100%
a
100%
I
100%
(I
100%
the
100%
much
100%
so
100%
the
100%
the-
100%
INTRO | VERSE 2Travis ScottWe
100%
we
100%
a
88%
do
88%
bitches
88%
not
88%
bitch)
88%
Don
88%
me,
88%
me
88%
law
88%
me
88%
me?
88%
not
88%
saw
88%
an
75%
call
75%
call?
75%
done
75%
extra
75%
fall
75%
Falls
75%
foot
75%
for
75%
go
75%
her
75%
be
75%
call
75%
done
75%
21 Savage(Foot
75%
girl
75%
her,
75%
her
75%
hood
75%
in
75%
21 Savage(In
75%
love
75%
(Margarita)
75%
model
75%
in
75%
on,
75%
On
75%
on
75%
or
75%
"Señorita"
75%
(Señorita)
75%
She
75%
she
75%
Spanish
75%
two)
75%
you
75%
need
75%
Niagara
75%
on
75%
or
75%
or-
75%
put
75%
CHORUSTravis Scott | Travis Scott:Ratchet
75%
she
75%
Travis ScottShe
75%
to
75%
two
75%
you
75%
ball
63%
Got
63%
Travis ScottGotta
63%
gotta
63%
have
63%
(21
63%
21 Savage | 21 Savage | 21 Savage(21)
63%
21)
63%
(Big
63%
dawg
63%
dawg)
63%
fell
63%
(Galleria)
63%
Galleria
63%
Got
63%
got
63%
I'm
63%
I'm
63%
mood)
63%
my
63%
number
63%
puttin'
63%
seven,
63%
syrup
63%
with
63%
mood
63%
my
63%
prove
63%
seen
63%
shouldn't
63%
up
63%
wanted
63%
all
50%
and
50%
all
50%
and
50%
And
50%
made,
50%
come
50%
cool
50%
from
50%
groove
50%
VERSE 121 SavageCrib
50%
crush
50%
Frog
50%
headlights
50%
Kermit
50%
Michael
50%
nervous
50%
phone
50%
Porsche
50%
size
50%
this
50%
twerkin'
50%
Vick,
50%
waitress,
50%
weekend,
50%
your
50%
just
50%
Made
50%
many
50%
might
50%
mouth
50%
Travis ScottTatted
50%
that
50%
That's
50%
then
50%
too
50%
type
50%
who
50%
are
38%
as
38%
been
38%
form
38%
heroes
38%
their
38%
build
38%
villain
38%
by
38%
disco
38%
distance
38%
eyes
38%
Frenchy's
38%
Frenchy's,
38%
house
38%
as
38%
Birkin
38%
Bought
38%
brand
38%
college
38%
detergent
38%
Travis ScottIf
38%
fresher
38%
it
38%
Laurent
38%
(Lil'
38%
makin'
38%
margaritas
38%
new
38%
21 Savage(On god)
38%
purse,
38%
Saint
38%
same
38%
serve
38%
21 Savage(Straight up)
38%
Travis ScottIt
38%
it
38%
than
38%
vibe
38%
keep
38%
know
38%
mall
38%
numbers
38%
one
38%
ride
38%
Shoppin'
38%
teardrops
38%
they
38%
Travis ScottThey
38%
thing
38%
walk
38%
wall
38%
what
38%
after
25%
at
25%
bar
25%
beginnings,
25%
born
25%
capes
25%
don't
25%
behind
25%
endings,
25%
Most
25%
'bout
25%
take
25%
times
25%
but
25%
OUTRO:Morgan Freeman:Villains
25%
wear
25%
can
25%
closet
25%
cross
25%
don't
25%
down
25%
forget
25%
how
25%
hoe,
25%
increasin'
25%
shower
25%
Take
25%
It's
25%
it's
25%
lab
25%
learn
25%
lot
25%
make
25%
mobbin'
25%
mobbin',
25%
never
25%
Now
25%
Openin'
25%
Philippe
25%
Powers
25%
Shit
25%
still
25%
surroundin'
25%
Water
25%
would
25%
hero's
13%
identical
13%
nearly
13%
perceive
13%
shape
13%
themselves
13%
unlike
13%
wrong
13%
designin'
13%
extend
13%
clean)
13%
curtains
13%
Leave
13%
Maybach,
13%
mean?)
13%
(Nah
13%
into
13%
lookin'
13%
marble
13%
sleepy
13%
Stay
13%
ways
13%

Score Distribution

Percentile by Number Answered

Percent of People with Each Score

Your Score History

You have not taken this quiz